| 000 | 00761cam a22002657a 4500 | ||
|---|---|---|---|
| 003 | CHAP | ||
| 005 | 20220329140203.0 | ||
| 008 | 971013s1956 r 00010 d | ||
| 010 | _a48279 | ||
| 011 | _a49251 | ||
| 035 | _a53399 | ||
| 040 | _cCHAP | ||
| 090 | _aFolleto 4822 | ||
| 100 | 0 | 0 |
_aRichardson, Richard W. _997285 |
| 245 | 0 | _aVerduras en el huerto familiar | |
| 260 |
_aMéxico, D. F. : _bServicio de Extensión Agrícola, _c1956 |
||
| 300 |
_a78 p. _b: ilus. |
||
| 590 |
_aBATCH-UPD _b10 _c20130110 _lUCH01 _h1751 |
||
| 590 |
_aCONVERSION _b10 _c20130109 _lUCH01 _h1326 |
||
| 650 | 1 | 4 |
_aHorticultura. _956291 |
| 700 | 0 |
_aBrauer Herrera, Oscar. _915091 |
|
| 901 | _aBK | ||
| 942 | _cFOLL | ||
| 949 |
_aFolleto 4822 _bBC _cFOLL _d-118438 _eTS1 _i53399 _si |
||
| 999 |
_c48279 _d48279 |
||